Merksätze mit Lücken - Statistiken

Allgemein
  • Dieses Quiz wurde 141 mal gespielt
  • Das Durchschnittsergebnis liegt bei 7 aus 15
Antwortstatistiken
Antwort % Korrekt
Englische Grammatik He, she, it, das {S} {muss} {mit}
85%
Himmelsrichtungen Nie {ohne} {Seife} waschen
83%
Große Zahlen mit vielen Nullen Sechs Nullen hat die {Million},
75%
Große Zahlen mit vielen Nullen und neun hat die {Milliarde} schon,
71%
Große Zahlen mit vielen Nullen es folgt mit zwölf dann die {Billion},
70%
Große Zahlen mit vielen Nullen zuletzt mit achtzehn die {Trillion}.
65%
Bruchrechnen kürzen nur die {Dummen}
40%
Bruchrechnen Differenzen und {Summen}
38%
Windrichtungen Spuckst du in {Lee}, geht's in die See
36%
Windrichtungen Spuckst du ins {Luv}, kriegst du es druff
32%
Schlacht bei Issos {333}, bei Issos {Keilerei}
29%
Musik: Dur-Tonarten Geh, du {alter} {Esel}, hol {Fische}
20%
Karl der Große {800} - Karl stieg auf den Stuhl
12%
Luther {17} vor und {17} nach
5%
Luther Und noch einmal {17} Jahr:
5%
Keine übereinstimmenden Quizze gefunden
Verteilung der Resultate
Anzahl Personen mit jedem Resultat
Perzentil nach korrekt beantworteten Fragen
Ihre Resultats-Entwicklung
Sie haben dieses Quiz noch nicht gespielt